[Event "Leipzig VfB op 18th"]
[Site "Leipzig"]
[Date "2011.03.26"]
[Round "7"]
[White "Dorsch, Andre"]
[Black "Boettger, Lukas"]
[Result "1-0"]
[WhiteElo "2042"]
[BlackElo "2174"]
[PlyCount "49"]
[EventDate "2011.03.20"]
[EventType "swiss"]
[EventRounds "9"]
[EventCountry "GER"]
[SourceTitle "CBM 141 Extra"]
[Source "ChessBase"]
[SourceDate "2011.05.03"]
[SourceVersion "1"]
[SourceVersionDate "2011.05.03"]
[SourceQuality "1"]

1. d4 Nf6 2. Nf3 e6 3. e3 c5 4. c4 cxd4 5. exd4 Be7 6. Bd3 0-0 7. 0-0 d6 8. Nc3 b6 9. Bg5 Bb7 10. Re1 Nbd7 11. Bb1 Rc8 12. Qd3 Bxf3 13. gxf3 g6 14. Bh6 Re8 15. b3 Nh5 16. Kh1 Ndf6 17. Rg1 d5 18. Rg2 Bf8 19. Bg5 dxc4 20. bxc4 Qc7 21. Ne4 Be7 22. Qe3 Nxe4 23. fxe4 e5 24. Bxe7 exd4 25. Qh6 1-0

[Event "Leipzig VfB op 18th"]
[Site "Leipzig"]
[Date "2011.03.25"]
[Round "6"]
[White "Jacob, Tobias"]
[Black "Dorsch, Andre"]
[Result "0-1"]
[WhiteElo "1651"]
[BlackElo "2042"]
[PlyCount "38"]
[EventDate "2011.03.20"]
[EventType "swiss"]
[EventRounds "9"]
[EventCountry "GER"]
[SourceTitle "CBM 141 Extra"]
[Source "ChessBase"]
[SourceDate "2011.05.03"]
[SourceVersion "1"]
[SourceVersionDate "2011.05.03"]
[SourceQuality "1"]

1. e4 e6 2. g3 d5 3. exd5 exd5 4. Qe2+ Be7 5. Bg2 Nf6 6. d4 0-0 7. Nf3 b6 8. b3 Ba6 9. c4 dxc4 10. bxc4 Bb4+ 11. Kd1 c5 12. Qd3 Nc6 13. Bb2 cxd4 14. Nxd4 Nxd4 15. Bxd4 Bc5 16. Nc3 Bxd4 17. Bxa8 Bxc3 18. Qxd8 Rxd8+ 19. Kc2 Bxa1 0-1

[Event "Leipzig VfB op 18th"]
[Site "Leipzig"]
[Date "2011.03.24"]
[Round "5"]
[White "Dorsch, Andre"]
[Black "Richter, Leonard"]
[Result "1/2-1/2"]
[WhiteElo "2042"]
[BlackElo "1826"]
[PlyCount "55"]
[EventDate "2011.03.20"]
[EventType "swiss"]
[EventRounds "9"]
[EventCountry "GER"]
[SourceTitle "CBM 141 Extra"]
[Source "ChessBase"]
[SourceDate "2011.05.03"]
[SourceVersion "1"]
[SourceVersionDate "2011.05.03"]
[SourceQuality "1"]

1. c4 Nf6 2. Nf3 g6 3. g3 Bg7 4. Bg2 0-0 5. 0-0 d5 6. d4 Bf5 7. Qb3 Nc6 8. cxd5 Nxd5 9. Nbd2 Nb6 10. d5 Nd4 11. Nxd4 Bxd4 12. e3 Bg7 13. Re1 Rc8 14. e4 Bd7 15. e5 e6 16. dxe6 Bxe6 17. Qa3 Bd5 18. Nf3 f6 19. Bf4 g5 20. exf6 Bxf6 21. Be5 g4 22. Nh4 Bxg2 23. Nxg2 Bxe5 24. Rxe5 Qf6 25. Re2 Rce8 26. Rae1 Rxe2 27. Rxe2 Qf3 28. Qe3 1/2-1/2

[Event "GER-chT U20"]
[Site "Kelbra"]
[Date "2006.12.28"]
[Round "4.3"]
[White "Dorsch, Andre"]
[Black "Siebarth, Marco"]
[Result "1/2-1/2"]
[WhiteElo "2078"]
[BlackElo "2020"]
[PlyCount "89"]
[EventDate "2006.12.27"]
[EventType "team-swiss"]
[EventRounds "7"]
[EventCountry "GER"]
[SourceTitle "EXT 2008"]
[Source "ChessBase"]
[SourceDate "2007.11.25"]
[SourceVersion "1"]
[SourceVersionDate "2007.11.25"]
[SourceQuality "1"]
[WhiteTeam "Leipzig Mitte U20"]
[BlackTeam "Stadtilm Blau Weiss U20"]
[WhiteTeamCountry "GER"]
[BlackTeamCountry "GER"]

1. c4 Nf6 2. Nf3 c6 3. d4 d5 4. e3 e6 5. Nbd2 Be7 6. Bd3 dxc4 7. Nxc4 b5 8. Nce5 0-0 9. 0-0 Bb7 10. Qc2 h6 11. e4 a6 12. Be3 Qc7 13. Rac1 Rc8 14. Rfd1 Nbd7 15. Nxd7 Nxd7 16. Qd2 Qd8 17. Bb1 Qf8 18. Qd3 c5 19. e5 g6 20. Qd2 Kh7 21. dxc5 Nxc5 22. b4 Ne4 23. Qd7 Bd5 24. Bxe4 Bxe4 25. Bc5 Bxc5 26. bxc5 Kg8 27. Qd6 Bd5 28. Qxf8+ Kxf8 29. a3 Rc7 30. Rc3 Rac8 31. Rdc1 Bc4 32. Nd2 Rxc5 33. f4 R5c6 34. Nxc4 Rxc4 35. Rxc4 bxc4 36. Kf2 Ke7 37. Ke3 g5 38. g3 gxf4+ 39. gxf4 f6 40. Rc3 Rc5 41. Kd4 Rd5+ 42. Ke4 fxe5 43. fxe5 Ra5 44. Kd4 Kd7 45. Rh3 1/2-1/2

[Event "GER-chT U20"]
[Site "Kelbra"]
[Date "2006.12.28"]
[Round "3.3"]
[White "Oertel, David"]
[Black "Dorsch, Andre"]
[Result "1-0"]
[WhiteElo "1987"]
[BlackElo "2078"]
[PlyCount "81"]
[EventDate "2006.12.27"]
[EventType "team-swiss"]
[EventRounds "7"]
[EventCountry "GER"]
[SourceTitle "EXT 2008"]
[Source "ChessBase"]
[SourceDate "2007.11.25"]
[SourceVersion "1"]
[SourceVersionDate "2007.11.25"]
[SourceQuality "1"]
[WhiteTeam "Biebertal U20"]
[BlackTeam "Leipzig Mitte U20"]
[WhiteTeamCountry "GER"]
[BlackTeamCountry "GER"]

1. e4 e6 2. Nc3 d5 3. Nf3 dxe4 4. Nxe4 Bd7 5. d4 Bc6 6. Bd3 Bxe4 7. Bxe4 c6 8. Bf4 Nf6 9. Bd3 Bd6 10. Bxd6 Qxd6 11. Qe2 Nbd7 12. a3 Nd5 13. g3 0-0-0 14. 0-0 h5 15. Rfd1 Qe7 16. c4 N5f6 17. b4 Rdg8 18. c5 Qd8 19. b5 Qa5 20. Rab1 Nb8 21. Ne5 Qc7 22. bxc6 Nxc6 23. Ba6 Nxe5 24. Rxb7 Qxb7 25. Bxb7+ Kxb7 26. Qxe5 Rc8 27. Rb1+ Ka8 28. Qd6 Rhd8 29. Qa6 Rc7 30. c6 Rb8 31. Rxb8+ Kxb8 32. Qb5+ Ka8 33. Qc5 Rc8 34. Qd6 a6 35. f4 Nd5 36. f5 Nf6 37. fxe6 fxe6 38. Qxe6 Rc7 39. Qd6 Kb8 40. Qd8+ Rc8 41. Qb6+ 1-0

[Event "GER-chT U20"]
[Site "Kelbra"]
[Date "2006.12.27"]
[Round "2.3"]
[White "Dorsch, Andre"]
[Black "Krutwig, Longlong"]
[Result "1/2-1/2"]
[WhiteElo "2078"]
[BlackElo "2172"]
[PlyCount "151"]
[EventDate "2006.12.27"]
[EventType "team-swiss"]
[EventRounds "7"]
[EventCountry "GER"]
[SourceTitle "EXT 2008"]
[Source "ChessBase"]
[SourceDate "2007.11.25"]
[SourceVersion "1"]
[SourceVersionDate "2007.11.25"]
[SourceQuality "1"]
[WhiteTeam "Leipzig Mitte U20"]
[BlackTeam "Koeln Muelheim U20"]
[WhiteTeamCountry "GER"]
[BlackTeamCountry "GER"]

1. c4 f5 2. d4 g6 3. g3 Bg7 4. Bg2 Nf6 5. Nf3 0-0 6. 0-0 d6 7. Nc3 Qe8 8. d5 a5 9. Nd4 Na6 10. Rb1 Bd7 11. e3 Rc8 12. b3 Qf7 13. a3 c6 14. Bb2 Nc5 15. Na4 Nxa4 16. bxa4 cxd5 17. cxd5 Rc5 18. Ba1 Nxd5 19. Rxb7 Rd8 20. Nb3 Bxa4 21. Bxg7 Bxb3 22. Qxb3 Kxg7 23. Bxd5 Qxd5 24. Rxe7+ Kf6 25. Qxd5 Rxd5 26. Rxh7 Rd3 27. a4 Ra3 28. Rh4 Rc8 29. Rd4 Ke6 30. Rfd1 Rc6 31. h4 Ra2 32. Kg2 Rcc2 33. Rf4 Ke5 34. Rb1 Rc5 35. Rd4 Rcc2 36. Rb5+ Rc5 37. Rb6 Rcc2 38. Rf4 Rab2 39. Ra6 Rc5 40. Ra8 Ke6 41. h5 gxh5 42. Rh8 Rb4 43. Rxb4 axb4 44. Rb8 Rc4 45. a5 Rc5 46. a6 Ra5 47. Rxb4 Kf6 48. Rb6 Ke5 49. Kf3 Ra4 50. Rb8 Rxa6 51. Rh8 Ra4 52. Rxh5 Rb4 53. Rh4 Rb7 54. Rh5 Rb4 55. Rh4 Rb7 56. Rd4 Rf7 57. Ra4 Rb7 58. Ra5+ d5 59. Ra4 Rf7 60. Rf4 Rf8 61. Ke2 Rg8 62. Kf3 Rf8 63. Rb4 Rf7 64. Ke2 Rh7 65. Rb6 Rh2 66. Kf3 Rh8 67. g4 Rh3+ 68. Kg2 fxg4 69. Rb4 Rf3 70. Rxg4 Rf8 71. Ra4 Rh8 72. f4+ Kf5 73. Kf3 Rh4 74. Ke2 Rh1 75. Kd2 Rg1 76. Kc3 1/2-1/2

[Event "GER-chT U20"]
[Site "Kelbra"]
[Date "2006.12.27"]
[Round "1.3"]
[White "Heigermoser, Robert"]
[Black "Dorsch, Andre"]
[Result "1-0"]
[WhiteElo "2076"]
[BlackElo "2078"]
[PlyCount "69"]
[EventDate "2006.12.27"]
[EventType "team-swiss"]
[EventRounds "7"]
[EventCountry "GER"]
[SourceTitle "EXT 2008"]
[Source "ChessBase"]
[SourceDate "2007.11.25"]
[SourceVersion "1"]
[SourceVersionDate "2007.11.25"]
[SourceQuality "1"]
[WhiteTeam "Pang/Rosenheim U20"]
[BlackTeam "Leipzig Mitte U20"]
[WhiteTeamCountry "GER"]
[BlackTeamCountry "GER"]

1. d4 d5 2. c4 c6 3. Nf3 Nf6 4. e3 Bf5 5. Nc3 e6 6. Nh4 Bg4 7. Qb3 Qb6 8. h3 Bh5 9. g4 Bg6 10. c5 Qc7 11. Qa4 Be7 12. Nxg6 hxg6 13. Bg2 Nbd7 14. Rb1 Nh7 15. b4 Bh4 16. 0-0 Ng5 17. f4 Ne4 18. Nxe4 dxe4 19. Bxe4 Qd8 20. b5 Nf6 21. Bf3 0-0 22. bxc6 bxc6 23. Qxc6 Qa5 24. Qb5 Qxb5 25. Rxb5 Rab8 26. a4 a6 27. Rb6 Nd5 28. Bxd5 exd5 29. g5 f6 30. gxf6 Bxf6 31. Bd2 Rfe8 32. Rfb1 Rxb6 33. cxb6 a5 34. b7 Rb8 35. Bxa5 1-0

[Event "Leipzig VfB op 13th"]
[Site "Leipzig"]
[Date "2006.03.18"]
[Round "7"]
[White "Pavlov, Anatoly"]
[Black "Dorsch, Andre"]
[Result "1/2-1/2"]
[WhiteElo "2160"]
[BlackElo "2082"]
[PlyCount "103"]
[EventDate "2006.03.14"]
[EventType "swiss"]
[EventRounds "9"]
[EventCountry "GER"]
[SourceTitle "EXT 2008"]
[Source "ChessBase"]
[SourceDate "2007.11.25"]
[SourceVersion "1"]
[SourceVersionDate "2007.11.25"]
[SourceQuality "1"]

1. d4 d5 2. c4 c6 3. cxd5 cxd5 4. Nf3 Nf6 5. Nc3 Nc6 6. Bf4 e6 7. e3 Be7 8. Bb5 0-0 9. 0-0 Bd7 10. Ne5 Nxe5 11. Bxe5 Bxb5 12. Nxb5 a6 13. Nc3 Nd7 14. Bg3 b5 15. Rc1 Rc8 16. a4 b4 17. Ne2 Nf6 18. f3 Qd7 19. b3 Rxc1 20. Qxc1 Rc8 21. Qb1 Nh5 22. Rc1 Nxg3 23. hxg3 Bd6 24. f4 f6 25. Qd3 Rxc1+ 26. Nxc1 Qc6 27. Ne2 Bc7 28. Qb1 e5 29. Qf5 Qd6 30. Kf2 a5 31. dxe5 fxe5 32. g4 d4 33. fxe5 dxe3+ 34. Kf3 Qxe5 35. Qxe5 Bxe5 36. Ke4 Bc7 37. Kxe3 Kf7 38. Ke4 Kf6 39. Nd4 Bb6 40. Nf3 h6 41. Kd5 Bd8 42. Kd6 g6 43. Ne5 Bc7+ 44. Kxc7 Kxe5 45. Kb6 Kd4 46. Kxa5 Kc3 47. Kb6 Kxb3 48. a5 Kc4 49. a6 b3 50. a7 b2 51. a8Q b1Q+ 52. Kc7 1/2-1/2

[Event "Leipzig VfB op 13th"]
[Site "Leipzig"]
[Date "2006.03.15"]
[Round "3"]
[White "Kleye, Emanuel"]
[Black "Dorsch, Andre"]
[Result "0-1"]
[WhiteElo "1940"]
[BlackElo "2082"]
[PlyCount "118"]
[EventDate "2006.03.14"]
[EventType "swiss"]
[EventRounds "9"]
[EventCountry "GER"]
[SourceTitle "EXT 2008"]
[Source "ChessBase"]
[SourceDate "2007.11.25"]
[SourceVersion "1"]
[SourceVersionDate "2007.11.25"]
[SourceQuality "1"]

1. e4 e6 2. d4 d5 3. Nd2 dxe4 4. Nxe4 Bd7 5. Bg5 Be7 6. Bxe7 Qxe7 7. c3 Bc6 8. Ng3 Nf6 9. Nf3 Bxf3 10. Qxf3 c6 11. Bd3 Nbd7 12. 0-0 0-0 13. Rfe1 Rfd8 14. Rad1 Rac8 15. Ne4 Nd5 16. c4 N5f6 17. Nxf6+ Nxf6 18. Bb1 Qb4 19. Qb3 Qxb3 20. axb3 Rd6 21. Re3 Rcd8 22. Red3 Nh5 23. g3 g6 24. Kf1 Ng7 25. g4 Ne8 26. h3 Nf6 27. f3 Nd7 28. Ke2 Nf8 29. R3d2 Kg7 30. Ke3 g5 31. Be4 Ng6 32. Bxg6 Kxg6 33. Ke2 Kf6 34. Ke3 b6 35. b4 Kg6 36. b3 Kf6 37. Ra1 R6d7 38. Rad1 Ke7 39. Ke2 e5 40. dxe5 Rxd2+ 41. Rxd2 Rxd2+ 42. Kxd2 Ke6 43. b5 cxb5 44. cxb5 Kd5 45. Kd3 Kc5 46. Ke4 Kxb5 47. Kd5 Kb4 48. Kd6 Kc3 49. Ke7 Kd4 50. Kxf7 Kxe5 51. Kg7 a5 52. Kxh7 b5 53. Kh6 Kf4 54. h4 gxh4 55. g5 h3 56. g6 h2 57. Kh7 h1Q+ 58. Kg8 Qxf3 59. g7 Qxb3+ 0-1

[Event "Leipzig VfB op 13th"]
[Site "Leipzig"]
[Date "2006.03.14"]
[Round "1"]
[White "Drusba, Wolfgang"]
[Black "Dorsch, Andre"]
[Result "0-1"]
[WhiteElo "1593"]
[BlackElo "2082"]
[PlyCount "96"]
[EventDate "2006.03.14"]
[EventType "swiss"]
[EventRounds "9"]
[EventCountry "GER"]
[SourceTitle "EXT 2008"]
[Source "ChessBase"]
[SourceDate "2007.11.25"]
[SourceVersion "1"]
[SourceVersionDate "2007.11.25"]
[SourceQuality "1"]

1. e4 e6 2. f4 d5 3. e5 c5 4. Nf3 Nc6 5. c3 Qb6 6. d3 Be7 7. Be2 Nh6 8. 0-0 Bd7 9. Kh1 f6 10. Na3 0-0 11. Nc2 Nf5 12. Qe1 Qc7 13. d4 cxd4 14. cxd4 Qb6 15. Qf2 Rac8 16. Bd3 fxe5 17. fxe5 Be8 18. g4 Nh4 19. Qg3 Rxf3 20. Rxf3 Nxf3 21. Qxf3 Nxd4 22. Nxd4 Qxd4 23. Rb1 Qxe5 24. Bf4 Qf6 25. g5 Qf7 26. Qg3 Qh5 27. Re1 Bf7 28. h4 Bb4 29. Rg1 Bg6 30. Bxg6 Qxg6 31. Rg2 Qe4 32. Kh2 Rc2 33. Rxc2 Qxc2+ 34. Qg2 Qxg2+ 35. Kxg2 Kf7 36. h5 g6 37. hxg6+ Kxg6 38. a3 Be7 39. Be3 a6 40. Kf3 Bxg5 41. Bc5 Kf5 42. a4 e5 43. b4 e4+ 44. Ke2 Ke5 45. Bf8 d4 46. b5 axb5 47. Bg7+ Kd5 48. axb5 d3+ 0-1

[Event "Leipzig VfB op 12th"]
[Site "Leipzig"]
[Date "2005.03.06"]
[Round "9"]
[White "Dorsch, Andre"]
[Black "Roemling, Sven"]
[Result "1/2-1/2"]
[WhiteElo "2065"]
[BlackElo "2181"]
[PlyCount "65"]
[EventDate "2005.01.03"]
[EventType "swiss"]
[EventRounds "9"]
[EventCountry "GER"]
[SourceTitle "EXT 2008"]
[Source "ChessBase"]
[SourceDate "2007.11.25"]
[SourceVersion "1"]
[SourceVersionDate "2007.11.25"]
[SourceQuality "1"]

1. c4 c5 2. Nf3 Nf6 3. d4 cxd4 4. Nxd4 d6 5. Nc3 a6 6. e4 e6 7. Be3 Be7 8. Be2 Qc7 9. 0-0 Nbd7 10. f3 0-0 11. Qd2 b6 12. Rac1 Bb7 13. Rfd1 Rac8 14. Bf1 Qb8 15. Qf2 Bd8 16. b4 Ne5 17. Na4 Ned7 18. Nb3 Ba8 19. Nb2 Bc7 20. g3 Bb7 21. c5 bxc5 22. bxc5 dxc5 23. Nxc5 Nxc5 24. Bxc5 Rfd8 25. Rxd8+ Bxd8 26. Nd3 Nd7 27. Ba7 Qd6 28. Rxc8 Bxc8 29. Nc5 Ne5 30. Kg2 h5 31. Nb3 h4 32. Qc5 Qd7 33. Bb6 1/2-1/2

[Event "Leipzig VfB op 12th"]
[Site "Leipzig"]
[Date "2005.03.03"]
[Round "5"]
[White "Liedmann, Hans Joerg"]
[Black "Dorsch, Andre"]
[Result "0-1"]
[WhiteElo "1930"]
[BlackElo "2065"]
[PlyCount "106"]
[EventDate "2005.01.03"]
[EventType "swiss"]
[EventRounds "9"]
[EventCountry "GER"]
[SourceTitle "EXT 2008"]
[Source "ChessBase"]
[SourceDate "2007.11.25"]
[SourceVersion "1"]
[SourceVersionDate "2007.11.25"]
[SourceQuality "1"]

1. e4 e6 2. d4 d5 3. Nd2 Be7 4. exd5 exd5 5. Ngf3 Bf5 6. c3 h6 7. Qb3 b6 8. Ne5 c6 9. g3 Nf6 10. Bg2 0-0 11. 0-0 Qc7 12. Re1 Re8 13. Nf1 Nbd7 14. Bd2 Bd6 15. Nxd7 Qxd7 16. Rxe8+ Rxe8 17. Re1 Ne4 18. Bc1 Re7 19. Re3 Bh3 20. f3 Bxg2 21. Kxg2 Ng5 22. g4 Bf4 23. Qd1 Bxe3 24. Bxe3 Qe8 25. Qd2 c5 26. h4 Ne6 27. Ng3 cxd4 28. cxd4 Rc7 29. Ne2 Qc6 30. Nc3 b5 31. a3 Qc4 32. f4 b4 33. axb4 Qxb4 34. f5 Nf8 35. Qf2 Rb7 36. Bc1 Qe7 37. g5 hxg5 38. hxg5 Nh7 39. Qh4 Rd7 40. Qh5 a5 41. Kf2 Qd6 42. Kf3 g6 43. Qh3 gxf5 44. Qxf5 Qe6 45. Kf4 Nf8 46. Qxe6 fxe6 47. Ne2 Kf7 48. Kg4 Rb7 49. Kh5 Ng6 50. Nf4 Nxf4+ 51. Bxf4 Rxb2 52. Kh6 Rb3 53. g6+ Kg8 0-1

[Event "Leipzig VfB op 12th"]
[Site "Leipzig"]
[Date "2005.03.02"]
[Round "2"]
[White "Dorsch, Andre"]
[Black "Wichmann, Cliff"]
[Result "0-1"]
[WhiteElo "2065"]
[BlackElo "2312"]
[PlyCount "137"]
[EventDate "2005.01.03"]
[EventType "swiss"]
[EventRounds "9"]
[EventCountry "GER"]
[SourceTitle "EXT 2008"]
[Source "ChessBase"]
[SourceDate "2007.11.25"]
[SourceVersion "1"]
[SourceVersionDate "2007.11.25"]
[SourceQuality "1"]

1. c4 c6 2. Nf3 d5 3. e3 Nf6 4. b3 Bf5 5. Bb2 e6 6. Be2 h6 7. 0-0 Be7 8. d4 Nbd7 9. Nbd2 0-0 10. Ne5 Nxe5 11. dxe5 Nd7 12. f4 Qb6 13. Bd4 Bc5 14. Nf3 Rfd8 15. cxd5 cxd5 16. Rc1 Rac8 17. Qe1 Be4 18. Bxc5 Rxc5 19. Nd4 Rdc8 20. Qd2 a6 21. Bf3 Bxf3 22. Nxf3 Qc7 23. Rxc5 Qxc5 24. Nd4 Qa3 25. Rb1 Rc7 26. Rb2 Nc5 27. Rc2 Ne4 28. Qd3 Qa5 29. Kf1 Rc3 30. Rxc3 Nxc3 31. a4 g6 32. Qd2 Qc5 33. Qc2 Kg7 34. g4 b5 35. axb5 axb5 36. f5 exf5 37. gxf5 b4 38. fxg6 Qa7 39. gxf7 Qxf7+ 40. Qf5 Ne4 41. Qxf7+ Kxf7 42. Kg2 Nc5 43. Kg3 Nd3 44. e6+ Kf6 45. Kg4 Nc5 46. Kh5 Nxe6 47. Kxh6 Nc5 48. h4 Ne4 49. Nc6 Ng3 50. Nd4 Ke5 51. Nc6+ Kf6 52. Nxb4 Nf5+ 53. Kh5 Nxe3 54. Nd3 Kf5 55. b4 d4 56. b5 Nd5 57. Kh6 Kf6 58. h5 Nb6 59. Kh7 Kf7 60. h6 Nd7 61. Kh8 Kf8 62. Kh7 Kf7 63. Kh8 Kg6 64. h7 Kf7 65. Nf4 Nf8 66. b6 d3 67. b7 d2 68. b8Q d1Q 69. Qb3+ 0-1

[Event "Leipzig VfB op 12th"]
[Site "Leipzig"]
[Date "2005.03.02"]
[Round "3"]
[White "Seidel, Thomas1111"]
[Black "Dorsch, Andre"]
[Result "1/2-1/2"]
[WhiteElo "1966"]
[BlackElo "2065"]
[PlyCount "37"]
[EventDate "2005.01.03"]
[EventType "swiss"]
[EventRounds "9"]
[EventCountry "GER"]
[SourceTitle "EXT 2008"]
[Source "ChessBase"]
[SourceDate "2007.11.25"]
[SourceVersion "1"]
[SourceVersionDate "2007.11.25"]
[SourceQuality "1"]

1. c4 c6 2. d4 d5 3. Nc3 dxc4 4. a4 e5 5. Nf3 exd4 6. Qxd4 Qxd4 7. Nxd4 Bc5 8. Nc2 Nf6 9. Bg5 Nd5 10. 0-0-0 0-0 11. Ne4 Na6 12. e3 Bf5 13. f3 Bxe4 14. fxe4 Ndb4 15. Bxc4 h6 16. Bf4 Nxc2 17. Kxc2 Rad8 18. h4 Nb4+ 19. Kc3 1/2-1/2

[Event "Leipzig VfB op 10th"]
[Site "Leipzig"]
[Date "2003.03.15"]
[Round "7"]
[White "Dorsch, Andre"]
[Black "Liedmann, Hans Joerg"]
[Result "1-0"]
[WhiteElo "2071"]
[BlackElo "1727"]
[PlyCount "89"]
[EventDate "2003.03.11"]
[EventType "swiss"]
[EventRounds "9"]
[EventCountry "GER"]
[SourceTitle "EXT 2008"]
[Source "ChessBase"]
[SourceDate "2007.11.25"]
[SourceVersion "1"]
[SourceVersionDate "2007.11.25"]
[SourceQuality "1"]

1. Nf3 Nf6 2. c4 g6 3. d4 d6 4. g3 Bg7 5. Bg2 c6 6. 0-0 Na6 7. Nc3 Nc7 8. e4 Bg4 9. h3 Bxf3 10. Qxf3 Rb8 11. Be3 a6 12. a4 0-0 13. Qe2 Nd7 14. f4 e6 15. e5 d5 16. cxd5 cxd5 17. Rfc1 f6 18. exf6 Nxf6 19. Bf2 Qd7 20. a5 Nfe8 21. Na4 Qb5 22. Re1 Qxe2 23. Rxe2 Nb5 24. Rxe6 Nec7 25. Re7 Rfe8 26. Rae1 Kf8 27. Rxe8+ Rxe8 28. Rxe8+ Kxe8 29. Nb6 Nxd4 30. Nxd5 Nxd5 31. Bxd5 Nc6 32. Bxc6+ bxc6 33. b3 Bc3 34. Bb6 Kd7 35. Kf2 Kd6 36. Ke3 Kd5 37. g4 c5 38. Bd8 Be1 39. Kd3 Bb4 40. f5 g5 41. Bxg5 Bxa5 42. Be7 Bc7 43. g5 Ke5 44. g6 Kxf5 45. g7 1-0

[Event "Leipzig VfB op 10th"]
[Site "Leipzig"]
[Date "2003.03.13"]
[Round "5"]
[White "Dorsch, Andre"]
[Black "Fuchs, Judith"]
[Result "1-0"]
[WhiteElo "2071"]
[BlackElo "1533"]
[PlyCount "73"]
[EventDate "2003.03.11"]
[EventType "swiss"]
[EventRounds "9"]
[EventCountry "GER"]
[SourceTitle "EXT 2008"]
[Source "ChessBase"]
[SourceDate "2007.11.25"]
[SourceVersion "1"]
[SourceVersionDate "2007.11.25"]
[SourceQuality "1"]

1. Nf3 d5 2. b3 Bf5 3. e3 e6 4. c4 Nf6 5. Bb2 c5 6. cxd5 exd5 7. Be2 Nc6 8. 0-0 Be7 9. d4 0-0 10. dxc5 Bxc5 11. Nc3 d4 12. Na4 d3 13. Nxc5 dxe2 14. Qxe2 Qd5 15. Rac1 Be4 16. Nxe4 Nxe4 17. Rfd1 Qa5 18. a3 Rfd8 19. Qc2 Nd6 20. Nd4 Nxd4 21. Rxd4 Rac8 22. Qd2 Rxc1+ 23. Bxc1 Qb6 24. b4 Qc6 25. Bb2 h6 26. e4 Rd7 27. Qd3 f6 28. f4 Qb6 29. Kh1 Rd8 30. e5 fxe5 31. fxe5 Nf7 32. e6 Nd6 33. e7 Re8 34. Rxd6 Qf2 35. Qd5+ Kh7 36. Qe4+ Kg8 37. Qe6+ 1-0

[Event "Leipzig VfB op 10th"]
[Site "Leipzig"]
[Date "2003.03.11"]
[Round "1"]
[White "Dorsch, Andre"]
[Black "Seidel, Thomas1111"]
[Result "1/2-1/2"]
[WhiteElo "2071"]
[BlackElo "1575"]
[PlyCount "130"]
[EventDate "2003.03.11"]
[EventType "swiss"]
[EventRounds "9"]
[EventCountry "GER"]
[SourceTitle "EXT 2008"]
[Source "ChessBase"]
[SourceDate "2007.11.25"]
[SourceVersion "1"]
[SourceVersionDate "2007.11.25"]
[SourceQuality "1"]

1. Nf3 d5 2. b3 Nf6 3. e3 e6 4. c4 c6 5. Bb2 b6 6. d4 Bb4+ 7. Nbd2 Ne4 8. Bd3 f5 9. Qc2 Nd7 10. a3 Be7 11. 0-0 Bb7 12. Ne5 Nxe5 13. dxe5 0-0 14. f3 Nxd2 15. Qxd2 dxc4 16. bxc4 Qd7 17. Rfd1 Rad8 18. Qe2 Qe8 19. Bc3 c5 20. a4 Qc6 21. a5 bxa5 22. Rxa5 a6 23. Rb1 Rd7 24. Bc2 Qc8 25. Ra3 Bc6 26. Ba4 Bxa4 27. Rxa4 Qc6 28. Rba1 Ra8 29. Kf2 Rb7 30. Qa2 Rba7 31. Ra5 Bd8 32. Qa4 Qxa4 33. R5xa4 Kf7 34. Ba5 Be7 35. Bb6 Rb7 36. Rxa6 Rab8 37. Ba7 Rb2+ 38. Kg3 R8b4 39. R1a4 Rxa4 40. Rxa4 Rb4 41. Rxb4 cxb4 42. Bd4 b3 43. Bb2 Bb4 44. Kf2 Ke7 45. Ke2 Kd7 46. Kd3 Kc6 47. e4 fxe4+ 48. Kxe4 Kc5 49. Kd3 Be1 50. f4 g6 51. g4 Bf2 52. Kc3 Be3 53. Kxb3 Bxf4 54. h3 Be3 55. Ba3+ Kd4 56. Bd6 Bf4 57. c5 Kd5 58. Kb4 Kc6 59. Kc4 Bg3 60. Kd4 Bf2+ 61. Kc4 Bg3 62. Kc3 Bf2 63. Kb4 Be1+ 64. Kc4 Bg3 65. Bb8 Bf2 1/2-1/2

[Event "Leutersdorf Muench Braeu op 08th"]
[Site "Leutersdorf"]
[Date "2003.02.16"]
[Round "9"]
[White "Dorsch, Andre"]
[Black "Sommer, Horst"]
[Result "1-0"]
[WhiteElo "2071"]
[BlackElo "1635"]
[PlyCount "91"]
[EventDate "2003.02.12"]
[EventType "swiss"]
[EventRounds "9"]
[EventCountry "GER"]
[SourceTitle "CBM 092 Extra"]
[Source "ChessBase"]
[SourceDate "2003.03.07"]
[SourceVersion "1"]
[SourceVersionDate "2003.03.07"]
[SourceQuality "1"]

1. d4 f5 2. c4 Nf6 3. g3 e6 4. Bg2 Be7 5. Nf3 0-0 6. 0-0 d5 7. b3 b6 8. Ba3 Bxa3 9. Nxa3 a6 10. Qc2 Qe7 11. Nb1 Bb7 12. cxd5 Bxd5 13. Nbd2 c6 14. Ne5 Bxg2 15. Kxg2 Qd6 16. Ndf3 b5 17. Rac1 Rc8 18. Qc5 Qxc5 19. Rxc5 Ne4 20. Rc2 Ra7 21. Rfc1 Kf8 22. Nxc6 Rac7 23. Nfe5 Nf6 24. Nb4 Rxc2 25. Rxc2 Rxc2 26. Nxc2 Ne4 27. e3 Ke7 28. f3 Nc3 29. a3 g5 30. Nb4 Nb1 31. Nc2 a5 32. Kf2 Nd2 33. b4 a4 34. Ke2 Nb3 35. e4 Na6 36. Nd3 Nb8 37. Nc5 Nc6 38. Kd3 Nc1+ 39. Kd2 Na2 40. Kd3 h5 41. exf5 exf5 42. Ne3 Kf6 43. f4 gxf4 44. gxf4 Nc1+ 45. Kd2 Nxd4 46. Nd5+ 1-0

[Event "Leutersdorf Muench Braeu op 08th"]
[Site "Leutersdorf"]
[Date "2003.02.15"]
[Round "8"]
[White "Natsidis, Christoph"]
[Black "Dorsch, Andre"]
[Result "1/2-1/2"]
[WhiteElo "1705"]
[BlackElo "2071"]
[PlyCount "81"]
[EventDate "2003.02.12"]
[EventType "swiss"]
[EventRounds "9"]
[EventCountry "GER"]
[SourceTitle "CBM 092 Extra"]
[Source "ChessBase"]
[SourceDate "2003.03.07"]
[SourceVersion "1"]
[SourceVersionDate "2003.03.07"]
[SourceQuality "1"]

1. d4 Nf6 2. c4 e6 3. Nc3 c5 4. d5 exd5 5. cxd5 d6 6. e4 g6 7. f4 Nbd7 8. Nf3 Bg7 9. Bd3 0-0 10. 0-0 a6 11. a4 Qc7 12. Re1 Re8 13. h3 Rb8 14. Be3 c4 15. Bc2 Nc5 16. Kh1 Ncxe4 17. Bxe4 Nxe4 18. Ba7 Ra8 19. Nxe4 Bf5 20. Neg5 Rxe1+ 21. Qxe1 h6 22. Bd4 hxg5 23. Bxg7 Kxg7 24. Nxg5 Qc5 25. Qc3+ Kg8 26. Rd1 Bd3 27. Nf3 Qxd5 28. Ne1 Qh5 29. Rd2 Qh4 30. Nxd3 cxd3 31. f5 Qe1+ 32. Kh2 Qe5+ 33. Qxe5 dxe5 34. Rxd3 gxf5 35. Rg3+ Kf8 36. Rg5 f6 37. Rxf5 Kg7 38. g4 Rd8 39. Kg3 Rd2 40. Rf2 Rd4 41. b3 1/2-1/2